Pharmacognosy of negative listed plants / (Record no. 141977)

MARC details
000 -LEADER
fixed length control field 00640nam a22001937a 4500
005 - DATE AND TIME OF LATEST TRANSACTION
control field 20170623170453.0
010 ## - LCCN (DPL NO)
LC control number ENG-118927
020 ## - INTERNATIONAL STANDARD BOOK NUMBER
International Standard Book Number 9788181770387
Terms of availability 1100.00
035 ## - SYSTEM CONTROL NUMBER
System control number EN-102459
037 ## - SOURCE OF ACQUISITION
Source of stock number/acquisition DBAD/PUB
082 ## - DEWEY DECIMAL CLASSIFICATION NUMBER
Classification number 615.3210954
100 ## - MAIN ENTRY--PERSONAL NAME
Personal name Selvam,A.B.D.
245 ## - TITLE STATEMENT
Title Pharmacognosy of negative listed plants /
Statement of responsibility, etc by A.B.D. Selvom
260 ## - PUBLICATION, DISTRIBUTION, ETC. (IMPRINT)
Place of publication, distribution, etc Kolkata
Name of publisher, distributor, etc Botanical survey of india
Date of publication, distribution, etc 2012
270 ## - ADDRESS
Address CGO Complex , 3rd Floor MSO Building,DF Block 5th and 6th floor, Sector1,Salt Lake Kolkata-700064
300 ## - PHYSICAL DESCRIPTION
Extent 286p
Dimensions 22cm(Hb)
Other physical details ill.
500 ## - GENERAL NOTE
General note Includes Index
942 ## - ADDED ENTRY ELEMENTS (KOHA)
Source of classification or shelving scheme Dewey Decimal Classification
Item type English Books
Classification part 615.3210954
Call number prefix SEL
Holdings
Withdrawn status Lost status Not for loan Collection code Home library Current library Date acquired Source of acquisition Cost, normal purchase price Full call number Barcode Copy number Cost, replacement price Koha item type
    Not For Loan Non-fiction D.B.Act.Division D.B.Act.Division 23/06/2017 DBAD/PUB 1100.00 615.3210954 EN-102459 1 1100.00 English Books

© Delhi Public Library
Hit Counter
free hit counter